| 000 | 01292nam a2200301 a 4500 | ||
|---|---|---|---|
| 999 |
_c372517 _d372517 |
||
| 003 | BLK | ||
| 005 | 20250430103920.0 | ||
| 008 | 200702b bu ||||| |||| 00| 0 bu d | ||
| 020 | _a9789546559272 | ||
| 040 | _aBLK | ||
| 041 |
_aBUL _cBUL |
||
| 080 |
_aШпионаж. Политическо влияние чрез тайни (разузнавателни) служби _b327.84 _x(092) _z327.84(092) |
||
| 080 |
_aБиографии - свят _b929(100) _z929(100) |
||
| 100 |
_9294431 _aМелер, Ха. А. _eпърви автор |
||
| 139 |
_aМелер, Ха. А. _bМ 21 |
||
| 245 |
_aТоп шпиони _bСкритата власт зад кулисите _cХа. А. Мелер ; прев. от нем. Алеко Дянков |
||
| 257 | _aDEU | ||
| 260 |
_9209457 _aСофия _bБард _c2019 _fСофия : Алианс принт |
||
| 300 |
_a334 с. _c21 см _bс портр. |
||
| 380 | _a3 | ||
| 500 | _aОриг. загл.: Top-spione / Ha. A. Mehler. - За автора: с. 333 | ||
| 650 | 7 |
_9168890 _aРазузнавачи |
|
| 700 |
_9331410 _aДянков, Алеко Кръстанов _eпрев. |
||
| 852 | _aЦб 300132 | ||
| 942 |
_2udc _cKNG _n0 _s1 _032 |
||
| 944 |
_aCR _c2020-07-02 _k30576 _lЦветомила Тодорова |
||
| 999 | _d372517 | ||